Cultura y universidad en el pensamiento del Cardenal Raúl Silva Henríquez: un ensayo de interpretación
Guardat en:
| Autor principal: | |
|---|---|
| Format: | Llibre |
| Idioma: | espanyol |
| Publicat: |
Santiago
Universidad Católica Blas Cañas
1997
|
| Col·lecció: | Serie de Investigaciones, 13
|
| Matèries: | |
| Etiquetes: |
Afegir etiqueta
Sense etiquetes, Sigues el primer a etiquetar aquest registre!
|
MARC
| LEADER | 00000cam a2200000 a 4500 | ||
|---|---|---|---|
| 001 | UCG9197 | ||
| 003 | CL-VaPUC | ||
| 008 | 120127e19970000CL |||||||||||||||||spa|d | ||
| 082 | 0 | 4 | |a 378.4 |b ALV |2 21 |
| 100 | 0 | |a Alvarado Borgoño, Miguel |e author |9 560674 | |
| 245 | 1 | 0 | |a Cultura y universidad en el pensamiento del Cardenal Raúl Silva Henríquez: un ensayo de interpretación |
| 300 | |a 109 p | ||
| 942 | |c BK | ||
| 945 | |d 20120127 00:00:00 |a dcastane | ||
| 260 | |a Santiago |b Universidad Católica Blas Cañas |c 1997 | ||
| 650 | 0 | |a Educación superior |9 223851 | |
| 650 | 0 | |a Universidades católicas |9 309230 | |
| 650 | 0 | |a Cultura |9 269059 | |
| 650 | 0 | |a Crítica e interpretación |9 255042 | |
| 583 | |a last modification |c 20120127 09:50:00 |k Rodrigo Vera | ||
| 490 | 0 | |a Serie de Investigaciones, 13 | |
| 999 | |c 346763 |d 346761 | ||
| 952 | |0 0 |1 0 |4 0 |6 378_400000000000000_ALV_1997 |7 0 |8 P |9 447581 |a BIBEDU |b BIBEDU |c BIBEDU_PB |d 2019-11-22 |i 4838254 |o 378.4 ALV 1997 |p 4838254 |r 2019-11-22 |w 2019-11-22 |y BK |k EPE | ||